Carregant...

Veena poovu kanmunpil

Dades bibliogràfiques
Autor principal: Daniel, K M
Format: Printed Book
Publicat: Calicut, PK Brothers 1988
Matèries:
LEADER 004850000a22001690004500
040 |a Malayalam 
082 |a A1 007 DAN/V M8 
100 |a Daniel, K M 
245 |a Veena poovu kanmunpil 
260 |a Calicut, PK Brothers 
260 |c 1988 
650 |a Malayalam literature 
650 |a Poetry 
650 |a Study 
942 |c BK 
999 |c 152251  |d 152247 
952 |0 0  |1 0  |4 0  |6 A_1_007000000000000_DAN_V_M8  |7 0  |9 151069  |a SCK  |b SCK  |d 2017-10-23  |l 0  |o A1 007 DAN/V M8  |p SCK03700  |r 2017-10-23  |w 2017-10-23  |y BK